Super Bowl Winners Predictions - Statistics

General Stats
  • This quiz has been taken 6 times
  • The average score is 34 of 70
Answer Stats
Superbowl Answer % Correct
I Green Bay Packers
100%
II Green Bay Packers
83%
XLV Green Bay Packers
67%
XLI Indianapolis Colts
67%
IV Kansas City Chiefs
67%
XXXVI New England Patriots
67%
XXXVIII New England Patriots
67%
XXXIX New England Patriots
67%
XLIX New England Patriots
67%
XLIV New Orleans Saints
67%
III New York Jets
67%
XL Pittsburgh Steelers
67%
XLIII Pittsburgh Steelers
67%
V Baltimore Colts
50%
XXXV Baltimore Ravens
50%
XLVII Baltimore Ravens
50%
XX Chicago Bears
50%
VI Dallas Cowboys
50%
XII Dallas Cowboys
50%
XXVII Dallas Cowboys
50%
XXVIII Dallas Cowboys
50%
XXX Dallas Cowboys
50%
XXXII Denver Broncos
50%
XXXIII Denver Broncos
50%
L Denver Broncos
50%
XXXI Green Bay Packers
50%
LIV Kansas City Chiefs
50%
LVII Kansas City Chiefs
50%
LVIII Kansas City Chiefs
50%
XVIII Los Angeles Raiders
50%
LVI Los Angeles Rams
50%
VII Miami Dolphins
50%
VIII Miami Dolphins
50%
LI New England Patriots
50%
LIII New England Patriots
50%
XXI New York Giants
50%
XXV New York Giants
50%
XLII New York Giants
50%
XI Oakland Raiders
50%
XV Oakland Raiders
50%
LII Philadelphia Eagles
50%
LIX Philadelphia Eagles
50%
IX Pittsburgh Steelers
50%
X Pittsburgh Steelers
50%
XIII Pittsburgh Steelers
50%
XIV Pittsburgh Steelers
50%
XXIII Sain Francisco 49ers
50%
XVI San Francisco 49ers
50%
XIX San Francisco 49ers
50%
XXIV San Francisco 49ers
50%
XXIX San Francisco 49ers
50%
XLVIII Seattle Seahawks
50%
XXXIV St. Louis Rams
50%
XXXVII Tampa Bay Buccaneers
50%
LV Tampa Bay Buccaneers
50%
XVII Washington Redskins
50%
XXII Washington Redskins
50%
XXVI Washington Redskins
50%
XLVI New York Giants
33%
LX Baltimore Ravens
17%
LXII Buffalo Bills
17%
LXIII Denver Broncos
17%
LXV Green Bay Packers
17%
LXIV Houston Texans
17%
LXVI Kansas City Chiefs
17%
LXVII Kansas City Chiefs
17%
LXVIII Kansas City Chiefs
17%
LXIX Minnesota Vikings
17%
LXI Philadelphia Eagles
17%
LXX Tampa Bay Buccaneers
0%
No matching quizzes found
Score Distribution
Percent of People with Each Score
Percentile by Number Answered
Your Score History
You have not taken this quiz